000 00818 a2200205 4500
001 59959
005 20260407155852.0
008 260407a1947 arg spa d
003 AR-UNSa-BCEJYS
040 _aAR-UNSa-BCEJYS
_bspa
_cAR-UNSa-BCEJYS
080 _a342.4
_xConstituciones. Asambleas legislativas. Asambleas nacionales (Reforma...)
245 1 0 _aLas clausulas económico-sociales en las Constituciones de América
264 1 _aBuenos Aires :
_bLosada
_c1947
300 _a2 v. (563 ; 570 p.)
_c26 cm.
505 _aVol. I: Sud América -- Vol. II: América Central y del Norte
041 _aspa
942 _cBK
590 _aniveau_biblio:m niveau_hierar:0
100 1 _aAcademia de Ciencias Económicas. Instituto de Investigaciones Económico-Financieras. Sección de Investigaciones Económico-Sociales
999 _c6855
_d6855